LiF influence on spark plasma sintering and structure of transparent MgAl2O4 ceramics; Russian Physics Journal; Vol. 68, iss. 4

Dades bibliogràfiques
Parent link:Russian Physics Journal=Известия вузов. Физика.— .— Basel: Springer Nature Switzerland AG
Vol. 68, iss. 4.— 2025.— P. 609-617
Altres autors: Huang Fuli, Deulina D. E. Darjya Evgenjevna, Paygin V. D. Vladimir Denisovich, Shevchenko I. N. Ivan Nikolaevich, Khasanov O. L. Oleg Leonidovich, Dvilis E. S. Edgar Sergeevich, Stepanov S. A. Sergey Aleksandrovich, Valiev D. T. Damir Talgatovich
Sumari:Title screen
The paper deals with the transparent MgAl2O4 ceramics manufacture using spark plasma sintering at 1300 °C and 100 MPa static pressure. 0 to 1 wt.% LiF is added to the mixture for the sintering process. The apparent activation energy is determined at the intermediate sintering stage as well as the dominant mechanism of the mass transfer. The influence of lithium fluoride on the ceramic microstructure, transmission and microhardness is investigated in the paper
Текстовый файл
AM_Agreement
Idioma:anglès
Publicat: 2025
Matèries:
Accés en línia:https://doi.org/10.1007/s11182-025-03472-6
Format: Electrònic Capítol de llibre
KOHA link:https://koha.lib.tpu.ru/cgi-bin/koha/opac-detail.pl?biblionumber=683157

MARC

LEADER 00000naa0a2200000 4500
001 683157
005 20251117135615.0
090 |a 683157 
100 |a 20251117a2025 k||y0rusy50 ba 
101 0 |a eng 
102 |a CH 
135 |a drcn ---uucaa 
181 0 |a i   |b  e  
182 0 |a b 
183 0 |a cr  |2 RDAcarrier 
200 1 |a LiF influence on spark plasma sintering and structure of transparent MgAl2O4 ceramics  |f F. Huang, D. E. Deulina, V. D. Paygin [et al.] 
203 |a Текст  |c электронный  |b визуальный 
283 |a online_resource  |2 RDAcarrier 
300 |a Title screen 
320 |a References: 32 tit 
330 |a The paper deals with the transparent MgAl2O4 ceramics manufacture using spark plasma sintering at 1300 °C and 100 MPa static pressure. 0 to 1 wt.% LiF is added to the mixture for the sintering process. The apparent activation energy is determined at the intermediate sintering stage as well as the dominant mechanism of the mass transfer. The influence of lithium fluoride on the ceramic microstructure, transmission and microhardness is investigated in the paper 
336 |a Текстовый файл 
371 0 |a AM_Agreement 
461 1 |t Russian Physics Journal  |l Известия вузов. Физика  |c Basel  |n Springer Nature Switzerland AG 
463 1 |t Vol. 68, iss. 4  |v P. 609-617  |d 2025 
610 1 |a MgAl2O4 
610 1 |a LiF 
610 1 |a Spark plasma sintering 
610 1 |a Microstructure 
610 1 |a Sintering kinetics 
610 1 |a Optical properties 
610 1 |a Microhardness 
610 1 |a электронный ресурс 
610 1 |a труды учёных ТПУ 
701 0 |a Huang Fuli 
701 1 |a Deulina  |b D. E.  |c specialist in the field of material science  |c Research Engineer of Tomsk Polytechnic University  |f 1999-  |g Darjya Evgenjevna  |9 88618 
701 1 |a Paygin  |b V. D.  |c specialist in the field of material science  |c engineer of Tomsk Polytechnic University  |f 1992-  |g Vladimir Denisovich  |9 20806 
701 1 |a Shevchenko  |b I. N.  |c specialist in the field of material science  |c Engineer of Tomsk Polytechnic University  |f 1997-  |g Ivan Nikolaevich  |9 88619 
701 1 |a Khasanov  |b O. L.  |c Russian physicist, materials scientist, Doctor of Engineering  |c professor, Director of TPU Nano-Centre and Head of the Department "Nanomaterials and Nanotechnologies" of TPU  |f 1958-  |g Oleg Leonidovich  |9 12652 
701 1 |a Dvilis  |b E. S.  |c Chemical Engineer  |c senior researcher of Tomsk Polytechnic University, Professor, doctor of physical and mathematical Sciences  |f 1969-  |g Edgar Sergeevich  |9 17959 
701 1 |a Stepanov  |b S. A.  |c specialist in the field of lightning engineering  |c Engineer of Tomsk Polytechnic University  |f 1986-  |g Sergey Aleksandrovich  |9 17369 
701 1 |a Valiev  |b D. T.  |c specialist in the field of material science  |c Associate Professor of Tomsk Polytechnic University, Candidate of Physical and Mathematical Sciences  |f 1987-  |g Damir Talgatovich  |9 17370 
801 0 |a RU  |b 63413507  |c 20251118  |g RCR 
856 4 |u https://doi.org/10.1007/s11182-025-03472-6  |z https://doi.org/10.1007/s11182-025-03472-6 
942 |c CF